| 000 | 00000nas 22000008a 4500 |
| 001 | 9.836253 |
| 003 | CaOODSP |
| 005 | 20221107150846 |
| 007 | cr ||||||||||| |
| 008 | 170504d20152017oncar p o f0 b|fre|d |
| 022 | |a2560-7626 |
| 040 | |aCaOODSP|bfre |
| 043 | |an-cn--- |
| 086 | 1 |aCC171-29F-PDF |
| 222 | 0|aRapport de surveillance réglementaire des installations de traitement nucléaire, des installations dotées d'un petit réacteur de recherche et des installations de catégorie IB dotées d'un accélérateur ... |
| 245 | 00|aRapport de surveillance réglementaire des installations de traitement nucléaire, des installations dotées d'un petit réacteur de recherche et des installations de catégorie IB dotées d'un accélérateur ... |h[ressource électronique]. |
| 260 | |a[Ottawa] : |bCommission canadienne de sûreté nucléaire |
| 310 | |aAnnuel |
| 362 | 1 |aParaît depuis 2015; ne paraît plus après 2016-2017. |
| 500 | |aPubl. aussi en anglais sous le titre : Regulatory oversight report for nuclear processing, small research reactor and class IB accelerator facilities. |
| 692 | 07|2gccst|aTechnologie nucléaire |
| 692 | 07|2gccst|aInstallations nucléaires |
| 710 | 2 |aCommission canadienne de sûreté nucléaire. |
| 775 | 08|tRegulatory oversight report for nuclear processing, small research reactor and class IB accelerator facilities |w(CaOODSP)9.836251 |